• 首页
  • 本馆介绍
  • 公告通知
  • 最新文献
  • 馆藏检索
  • 电子资源
  • 读者导购
  • 参考咨询
  • 我的图书馆
  • 登录
  • 详细信息显示
  • 放入我的书架
  • 预约/预借图书
  • 作者相关作品
  • 分类相关作品
  • 丛书相关作品
  • 出版社相关作品

书目信息

  • 表格格式
  • 工作单格式
  • 卡片格式
题名:
批判斯大林问题文集
    
 
作者: 本社编
分册: 第二辑  
出版信息: 北京   人民出版社  1956
页数: 402页
开本: 20cm
丛书名:
单 册:
中图分类: D18
科图分类:
主题词: 国际共产主义运动
电子资源:
ISBN:
000 00466nam0 2200169 450
001 0752554031
005 20070926143648.85
100    @a20070926d1956 km y0chiy0120 ea
101 0  @achi
102    @aCN@b110000
200 1  @a批判斯大林问题文集@Api pan si da lin wen ti wen ji@h第二辑@f本社编@Fben she bian
210    @a北京@c人民出版社@d1956
215    @a402页@d20cm
606 0  @a国际共产主义运动
690    @aD18@v3
801  0 @aCN@bPFT@c20070926
905    @a10447@dD18@e19:2
    
    批判斯大林问题文集.第二辑/本社编.-北京:人民出版社,1956
    402页;20cm
    
    
    ISBN :
    
●
相关链接 在E读中查询图书 在五车中查询图书 在当当中查询图书 在豆瓣中查询图书


正题名:批判斯大林问题文集     索取号:D18/19:2         预约/预借

序号 登录号 条形码 馆藏地/架位号 状态 备注
1 0609398   206093984   第一样本阅览室/ [索取号:D18/19:2] 在馆    
唐山师范学院图书馆 欢迎您!
大连网信软件有限公司© 版权所有